| 000 -LEADER | |
|---|---|
| fixed length control field | 00389nam a22001697a 4500 |
| 005 - DATE AND TIME OF LATEST TRANSACTION | |
| control field | 20180425124837.0 |
| 008 - FIXED-LENGTH DATA ELEMENTS--GENERAL INFORMATION | |
| fixed length control field | 160601b xxu||||| |||| 00| 0 eng d |
| 020 ## - INTERNATIONAL STANDARD BOOK NUMBER | |
| ISBN | 0-07-096570-6 |
| 041 ## - LANGUAGE CODE | |
| Language code of text/sound track or separate title | eng |
| 082 ## - DEWEY DECIMAL CLASSIFICATION NUMBER | |
| Item number | 6724 |
| Classification number | 510 |
| 100 ## - MAIN ENTRY--AUTHOR NAME | |
| Personal name | Raghavachari, M |
| 245 ## - TITLE STATEMENT | |
| Title | Mathematics for Management |
| 260 ## - PUBLICATION, DISTRIBUTION, ETC. (IMPRINT) | |
| Name of publisher | TMH |
| Year of publication | 2004 |
| 300 ## - PHYSICAL DESCRIPTION | |
| Number of Pages | 439 |
| 650 ## - SUBJECT ADDED ENTRY--TOPICAL TERM | |
| Topical Term | Management |
| 942 ## - ADDED ENTRY ELEMENTS (KOHA) | |
| Koha item type | Books |
| Lost status | Damaged status | Collection code | Home library | Current library | Shelving location | Date acquired | Cost, normal purchase price | Full call number | Accession Number | Koha item type |
|---|---|---|---|---|---|---|---|---|---|---|
| MANAGEMENT | JRU Library | JRU Library | SHELF-75-F | 01/06/2016 | 165.00 | 510 | 6724 | Books | ||
| MANAGEMENT | JRU Library | JRU Library | SHELF-76-B | 01/06/2016 | 165.00 | 510 | 6725 | Books | ||
| MANAGEMENT | JRU Library | JRU Library | SHELF-76-C | 01/06/2016 | 165.00 | 510 | 6726 | Books | ||
| MANAGEMENT | JRU Library | JRU Library | SHELF-76-B | 01/06/2016 | 165.00 | 510 | 6727 | Books |